| 000 | 00359nam a2200133Ia 4500 | ||
|---|---|---|---|
| 008 | 240624s9999 xx 000 0 und d | ||
| 041 | _aeng | ||
| 082 | _a332.1 HEN | ||
| 100 | _aHENS THORSTEN | ||
| 245 | _aBEHAVIOURAL FINANCE FOR PRIVATE BANKNG | ||
| 260 |
_c2008 _aNew Jersey _bJohn Wiley and Sons |
||
| 300 | _axxiii, : 245 : p. : cm. ; 25 | ||
| 365 |
_c _b30 |
||
| 999 |
_c12693 _d12693 |
||